Catalog prevue

Saved in:
Bibliographic Details
Format: Book
Language:Undetermined
Published: Chicago Illinois Cole-Parmer Instrument 1991
Subjects:
Tags: Add Tag
No Tags, Be the first to tag this record!
Institutions: Trung tâm Học liệu Trường Đại học Cần Thơ
LEADER 00409nam a2200157Ia 4500
001 CTU_23475
008 210402s9999 xx 000 0 und d
082 |a 016.621 
082 |b C357 
245 0 |a Catalog prevue 
260 |a Chicago Illinois 
260 |b Cole-Parmer Instrument 
260 |c 1991 
650 |a catalog,Electronic 
904 |i Truc 
980 |a Trung tâm Học liệu Trường Đại học Cần Thơ